| Поле | Инд. | ПП | Название | Значение |
|---|---|---|---|---|
| Тип записи | a | |||
| Библиографический уровень | m | |||
| 001 | Контрольный номер | RU\infra-m\znanium\bibl\2228315 | ||
| 003 | Постоянный идентификатор записи | https://znanium.ru/catalog/document?id=470826 | ||
| 005 | Дата корректировки | 20260401100703.8 | ||
| 010 | a | ISBN | 978-5-00209-200-0 | |
| 100 | a | Данные общей обработки | 20251002d2025 m y0rusy0150 ca | |
| 101 | 0_ | a | Язык текста | rus |
| 102 | a | Страна публикации | RU | |
| 200 | 1_ | a | Заглавие | Проблемы рассмотрения гражданских и административных споров |
| e | Сведения, относящиеся к заглавию | материалы VI Всероссийского научно-практического круглого стола магистрантов и аспирантов памяти Д.А. Фурсова «Проблемы рассмотрения гражданских и административных споров» (г. Москва,14 февраля 2025 г.): сборник статей | ||
| b | Общее обозначение материала | Электронный ресурс | ||
| 205 | a | Основные сведения об издании | 1 | |
| 210 | 1_ | a | Место издания | Москва |
| c | Издательство | РГУП им. В.М. Лебедева | ||
| d | Дата издания | 2025 | ||
| 215 | a | Объем | 66 с. | |
| 333 | a | Примечание о целевом назначении | ВО - Магистратура | |
| 606 | a | Основная рубрика | Право. Юридические науки | |
| x | Основная подрубрика | Гражданское процессуальное право | ||
| 2 | Код системы | local | ||
| 608 | a | Жанр/форма | Сборник | |
| 2 | Код системы | local | ||
| 675 | a | Индекс УДК | 347 | |
| z | Язык издания | rus | ||
| 702 | _1 | g | Полное личное имя | Никитин С.В., отв. за вып. |
| 702 | _1 | g | Полное личное имя | Багыллы С. Т., отв. за вып. |
| 702 | _1 | g | Полное личное имя | Князькин С. И., отв. за вып. |
| 702 | _1 | g | Полное личное имя | Лебедь К .А., отв. за вып. |
| 702 | _1 | g | Полное личное имя | Павлова Л. Н., отв. за вып. |
| 801 | _0 | a | Страна | RU |
| b | Организация | Общество с ограниченной ответственностью «ЗНАНИУМ» | ||
| c | Дата составления | 20251001 | ||
| 2 | Код формата | rusmarc | ||
| 856 | 4_ | a | Внешний URL ресурс | ЭБС Znanium.com. Доступ по логину и паролю |
| m | Координаты для получения помощи по доступу | ebs_support@infra-m.ru | ||
| n | Название местонахождения сервера | НИЦ ИНФРА-М | ||
| u | URL | https://znanium.ru/catalog/document?id=470826 | ||
| u | URL | https://op.raj.ru/serijnye-izdaniya/117-sborniki-nauchnykh-statej/1408-prob-ras-grazhd-admi-sp | ||
| 856 | 41 | a | Внешний URL ресурс | znanium.ru |
| d | Путь (Path) | /cover/2228 | ||
| f | Электронное имя | 2228315.jpg | ||
| q | Тип электронного формата | image/jpeg | ||
| 900 | a | Макрообъекты | 25-147 СБОР2025. Проблемы рассмотрения гражданских и административных споров v4 (1) (4) | |
| 905 | a | Дата ввода | 20260401 | |
| 952 | c | Вид литературы | издания РГУП |